Options Pricing <An> International Perspective

Salvato in:
Dettagli Bibliografici
Autore principale: Gemmill, Gordon
Natura: Libro
Lingua:inglese
Pubblicazione: London MacGraw-Hill Book Co. 1993
Edizione:1. ed.
Soggetti:
Tags: Aggiungi Tag
Nessun Tag, puoi essere il primo ad aggiungerne!!

MARC

LEADER 00000nam a2200000 4500
001 c020084
005 20221206075619.6
020 |a 0-07-707497-1 
041 0 |a eng 
044 |a GB 
245 1 0 |a Options Pricing  |b <An> International Perspective  |c Gordon Gemmill 
250 |a 1. ed. 
264 1 |a London  |b MacGraw-Hill Book Co.  |c 1993 
300 |a 275 s. 
610 2 0 |a opcie 
610 2 0 |a tvorba cien 
610 2 0 |a ceny 
610 2 0 |a ceny svetové 
610 2 0 |a akcie 
610 2 0 |a obchody burzové 
610 2 0 |a trh kapitálový 
100 1 |a Gemmill, Gordon